| 000 | 01743nam a2200517 i 4500 | ||
|---|---|---|---|
| 001 | 6192 | ||
| 003 | KOSZ 005 | ||
| 005 | 20210525080213.0 | ||
| 008 | 970510s1993 pl f |000 0 pol | ||
| 015 | _aPB 1993/6786 | ||
| 020 | _a8385193383 | ||
| 035 | _a991001028669705066 | ||
| 035 | _a(PL-WaBN)b10309949-48omnis_nlop | ||
| 035 | _ab10309949 | ||
| 035 | _a(OCoLC)69584246 | ||
| 035 | _a(PL)b0000001030994 | ||
| 035 | _a(EXLNZ-48OMNIS_NETWORK)9910317377105606 | ||
| 040 |
_aWA N _cWA N _dKOSZ 005/EC |
||
| 041 | 1 |
_apol _hfre |
|
| 046 | _k1993 | ||
| 080 | _a159.922.7 | ||
| 100 | 1 |
_aPiaget, Jean _d(1896-1980). _eAutor |
|
| 245 | 1 | 0 |
_aPsychologia dziecka / _cJean Piaget, Barbel Inhelder ; przeł. [z fr.] Zofia Zakrzewska. |
| 246 | 1 |
_iTyt. oryg.: _aPsychologie de l'enfant, _f1989 |
|
| 260 |
_aWrocław : _b"Siedmioróg", _c1993 _e(Rzesz. : _fRZG). |
||
| 300 |
_a158, [1] s. ; _c20 cm. |
||
| 336 |
_2rdacontent _aTekst _btxt |
||
| 337 |
_2rdamedia _aBez urządzenia pośredniczącego _bn |
||
| 338 |
_2rdacarrier _aWolumin _bnc |
||
| 380 | _aKsiążki | ||
| 380 | _aPublikacje dydaktyczne | ||
| 385 |
_mPoziom nauczania _aSzkoły wyższe |
||
| 388 | _a1901-2000 | ||
| 388 | _a1989-2000 | ||
| 490 | 1 |
_aCo Wiem ? ! ; _v4 |
|
| 500 | _aTyt. oryg.: La psychologie de l'enfant, 1989. | ||
| 658 | _aPsychologia | ||
| 650 | 7 | _aPsychologia dziecka | |
| 700 | 1 |
_aInhelder, Bärbel _d(1913-1997) _eAutor |
|
| 700 | 1 |
_aZakrzewska, Zofia. _eTłumaczenie |
|
| 710 | 2 |
_4pbl _aWydawnictwo "Siedmioróg" |
|
| 830 | 0 |
_aCo Wiem ? ! ; _v4 |
|
| 856 |
_uhttp://koha.tu.koszalin.pl/cgi-bin/koha/opac-detail.pl?biblionumber=6192 _yKatalog online BPK |
||
| 942 |
_2UKD _cKS |
||
| 999 |
_c6192 _d6192 |
||